Catálogo - Centro de Recursos para el Aprendizaje y la Investigación

Volver al Sitio - CRAI Biblioteca

Documentos de la Conferencia del Episcopado Dominicano (Registro nro. 113569)

Detalles MARC
000 -CABECERA
campo de control de longitud fija 01753nam a2200349 4500
001 - NÚMERO DE CONTROL
campo de control 113569
003 - IDENTIFICADOR DEL NÚMERO DE CONTROL
campo de control DR-UNIBE
005 - FECHA Y HORA DE LA ÚLTIMA TRANSACCIÓN
campo de control 20260427135936.0
008 - DATOS DE LONGITUD FIJA--INFORMACIÓN GENERAL
campo de control de longitud fija 250507b2007 dr ||||| |||| 00| 0 spa d
040 ## - FUENTE DE LA CATALOGACIÓN
Centro catalogador/agencia de origen BIBLIOTECA UNIBE
Centro/agencia transcriptor BIBLIOTECA UNIBE
Lengua de catalogación spa
041 ## - CÓDIGO DE LENGUA
Código de lengua del texto/banda sonora o título independiente spa
082 ## - NÚMERO DE LA CLASIFICACIÓN DECIMAL DEWEY
Número de edición 22
Número de clasificación RD 282.7293 I24d 2007
110 2# - ENTRADA PRINCIPAL--NOMBRE DE ENTIDAD CORPORATIVA
Nombre de entidad corporativa o nombre de jurisdicción como elemento de entrada Iglesia Católica.
Unidad subordinada Conferencia del Episcopado Dominicano
9 (RLIN) 194986
Término indicativo de función/relación autor
245 10 - MENCIÓN DE TÍTULO
Título Documentos de la Conferencia del Episcopado Dominicano
250 ## - MENCIÓN DE EDICIÓN
Mención de edición Segunda edición
260 ## - PUBLICACIÓN, DISTRIBUCIÓN, ETC.
Lugar de publicación, distribución, etc. Santo Domingo :
Nombre del editor, distribuidor, etc. BanReservas :
-- Conferencia del Episcopado Dominicano,
Fecha de publicación, distribución, etc. 2007
300 ## - DESCRIPCIÓN FÍSICA
Extensión 3 volúmes ;
Dimensiones 23 cm
500 ## - NOTA GENERAL
Nota general Contiene índice onomástico (páginas: 707-713)
500 ## - NOTA GENERAL
Nota general Contiene índice de lugares (páginas: 715-720)
500 ## - NOTA GENERAL
Nota general Contiene índice de de materias (páginas: 721-736)
505 0# - NOTA DE CONTENIDO CON FORMATO
Nota de contenido con formato Tomo I. Documentos de la Conferencia del Episcopado Dominicano (1955-1990) |<br/>Tomo II. Documentos de la Conferencia del Episcopado Dominicano (1991-1997) |<br/>Tomo III. Documentos de la Conferencia del Episcopado Dominicano (1998-2006)
610 ## - PUNTO DE ACCESO ADICIONAL DE MATERIA--NOMBRE DE ENTIDAD CORPORATIVA
Nombre de entidad corporativa o nombre de jurisdicción como elemento de entrada Conferencia del Episcopado Dominicano
Subdivisión general Historia
Subdivisión geográfica República Dominicana
9 (RLIN) 194987
650 #7 - PUNTO DE ACCESO ADICIONAL DE MATERIA--TÉRMINO DE MATERIA
Fuente del encabezamiento o término lemb
Término de materia o nombre geográfico como elemento de entrada Iglesia católica
Subdivisión general Historia
Subdivisión geográfica República Dominicana
9 (RLIN) 204378
650 #7 - PUNTO DE ACCESO ADICIONAL DE MATERIA--TÉRMINO DE MATERIA
Fuente del encabezamiento o término lemb
Término de materia o nombre geográfico como elemento de entrada Iglesia católica
Subdivisión general Cartas pastorales
9 (RLIN) 204379
650 #7 - PUNTO DE ACCESO ADICIONAL DE MATERIA--TÉRMINO DE MATERIA
Fuente del encabezamiento o término lemb
Término de materia o nombre geográfico como elemento de entrada Obispos
Subdivisión geográfica República Dominicana
9 (RLIN) 204380
700 1# - PUNTO DE ACCESO ADICIONAL--NOMBRE DE PERSONA
Nombre de persona Toribio, Daniel
Término indicativo de función/relación presentador
9 (RLIN) 157372
700 ## - PUNTO DE ACCESO ADICIONAL--NOMBRE DE PERSONA
Nombre de persona Arnaiz, Francisco José, S. J.,
Fechas asociadas al nombre 1925-2014
Término indicativo de función/relación presentador
9 (RLIN) 31996
700 ## - PUNTO DE ACCESO ADICIONAL--NOMBRE DE PERSONA
Nombre de persona Ángeles Fernández, Ramón Benito, Monseñor,
Fechas asociadas al nombre 1949 -
Término indicativo de función/relación presentador
9 (RLIN) 120313
700 1# - PUNTO DE ACCESO ADICIONAL--NOMBRE DE PERSONA
Nombre de persona Brea Franco, Luis O.,
Fechas asociadas al nombre 1946-2020
Término indicativo de función/relación coordinador
9 (RLIN) 42216
700 1# - PUNTO DE ACCESO ADICIONAL--NOMBRE DE PERSONA
Nombre de persona Hernández Valera, Ignacio
Término indicativo de función/relación coordinador
9 (RLIN) 194992
942 ## - ELEMENTOS DE PUNTO DE ACCESO ADICIONAL (KOHA)
Fuente del sistema de clasificación o colocación Sistema de Clasificación Decimal Dewey
Tipo de ítem Koha Libro (general)
Existencias
Estado de retiro Estado de pérdida Fuente del sistema de clasificación o colocación No para préstamo Código de colección Localización permanente Fecha de adquisición Total de préstamos Signatura topográfica completa Código de barras Fecha visto por última vez Número de copia Precio válido a partir de Tipo de ítem Koha Fecha del último préstamo
  Disponible Sistema de Clasificación Decimal Dewey   General - Libros dominicanos Biblioteca Central UNIBE 07/03/2025   RD 282.7293 I24d 2007 250550 07/05/2025 Vol. 2, Ej. 1 07/05/2025 Libro (general)  
  Disponible Sistema de Clasificación Decimal Dewey   General - Libros dominicanos Biblioteca Central UNIBE 07/03/2025 1 RD 282.7293 I24d 2007 250549 04/02/2026 Vol. 1 Ej. 1 08/05/2025 Libro (general) 04/02/2026
  Disponible Sistema de Clasificación Decimal Dewey   General - Libros dominicanos Biblioteca Central UNIBE 07/03/2025   RD 282.7293 I24d 2007 250551 08/05/2025 Vol. 3, Ej. 1 08/05/2025 Libro (general)